Sản xuất các chế phẩm kỹ thuật và y dược từ phế liệu thủy sản

Sách đề cập đến nhiều nội dung về kỹ thuật chiết rút, sản xuất các chế phẩm như: Dầu gan cá vitamin A, D, chitin, chitosan, peptone, guamine, protamine, astaxanthin và một số chế phẩm sản xuất từ da, vảy cá như gelatin, chế phẩm da cá nhám, thu n...

Cur síos iomlán

Đã lưu trong:
Sonraí Bibleagrafaíochta
Príomhúdar: Trần, Thị Luyến
Formáid: Leabhar
Teanga:Undetermined
Foilsithe: Thành phố Hồ Chí Minh Nông nghiệp 2016
Ábhair:
Clibeanna: Cuir Clib Leis
Gan Chlibeanna, Bí ar an gcéad duine leis an taifead seo a chlibeáil!
Thư viện lưu trữ: Trung tâm Học liệu Trường Đại học Cần Thơ
LEADER 01047nam a2200193Ia 4500
001 CTU_230967
008 210402s9999 xx 000 0 und d
020 |c 80000 
082 |a 615.1 
082 |b L527 
100 |a Trần, Thị Luyến 
245 0 |a Sản xuất các chế phẩm kỹ thuật và y dược từ phế liệu thủy sản 
245 0 |c Trần Thị Luyến (chủ biên) 
260 |a Thành phố Hồ Chí Minh 
260 |b Nông nghiệp 
260 |c 2016 
520 |a Sách đề cập đến nhiều nội dung về kỹ thuật chiết rút, sản xuất các chế phẩm như: Dầu gan cá vitamin A, D, chitin, chitosan, peptone, guamine, protamine, astaxanthin và một số chế phẩm sản xuất từ da, vảy cá như gelatin, chế phẩm da cá nhám, thu nhận enzyme từ phế liệu thủy sản. 
650 |a Dược lý,Pharmacology 
980 |a Trung tâm Học liệu Trường Đại học Cần Thơ